| 000 | 00000nam 2200000za 4500 |
| 001 | 9.852496 |
| 003 | CaOODSP |
| 005 | 20221107154610 |
| 007 | cr ||||||||||| |
| 008 | 180227m19681970onc #o f000 0 eng d |
| 040 | |aCaOODSP|beng |
| 043 | |an-cn--- |
| 086 | 1 |aR32-441/1968E-PDF |
| 245 | 00|aIndian treaties |h[electronic resource]. |
| 260 | |aOttawa : |bDepartment of Indian Affairs and Northern Development, |c1968, 1970. |
| 300 | |a1 v. (various pagings) |
| 500 | |aTitle from cover. |
| 500 | |aDigitized edition from print [produced by Indigenous and Northern Affairs Canada]. |
| 505 | 0 |aIndian treaties in historical perspective -- Canadian Indian treaty notes -- Indian treaties in Canada -- "The unfinished tapestry - Indian policy in Canada" : a speech by the Hon. Jean Chrétien, P.C., M.P., Minister of Indian Affairs and Northern Development given at Queen's University, March 17, 1971 - 8:30 p.m. as one of a series of lectures sponsored by the Dunning Trust Lectures Committee -- History of Indian policy : background paper -- The Indian Act -- Indian treaties -- Conclusion Indian treaties. |
| 520 | |aCompilation of various notes and speeches related to Indian treaties. |
| 692 | 07|2gccst|aIndians |
| 692 | 07|2gccst|aAgreements |
| 692 | 07|2gccst|aAboriginal affairs |
| 710 | 1 |aCanada. |bIndian and Northern Affairs Canada. |
| 856 | 40|qPDF|s3.73 MB|uhttps://publications.gc.ca/collections/collection_2018/aanc-inac/R32-441-1968-eng.pdf |
| 986 | |aQS-0342-000-EE-A1|aQS-0344-000-EE-A1 |